000 02205cam a22005054i 4500
003 PE-LiUPU
005 20250731173213.0
008 150625s1968 xxu r 000 0 spa d
035 _a(Sirsi) a32550
040 _aPE-LiUPU
_bspa
_cPE-LiUPU
_erda
049 _aPRUA
082 0 4 _a220
_bW32
_221
082 0 4 _a220
_bW32 1968
110 2 _aWatchtower bible and tract.
245 1 0 _aToda escritura es inspirada de Dios y provechosa.
264 1 _aE.E.U.U. :
_bInternational bible and students association,
_c1968.
336 _atext
_2rdacontent
337 _aunmediated
_2rdamedia
338 _avolume
_2rdacarrier
505 0 _aDel libro de genesis al libro de revelación -- Estudios realizados.
526 _aSEG42
526 _aSEG41
526 _aSEG40
526 _aSEG39
526 _aP94
526 _aP87
526 _aP86
526 _aP85
526 _aP77
526 _aP76
526 _aP35
910 _btqv
_cwelc
_d20171221
942 _2ddc
_cBOOK
949 _a220 W32
_wDEWEY
_c1
_i17682
_lCCODEBUL1
_mBUL
_p20.00
_r0
_sY
_tBOOK
_u2015-06-25
_xBIBLIOTECA
_zUNKNOWN
_0COMPRA
_o.STAFF. Colección Teología
949 _a220 W32
_wDEWEY
_c2
_i09139
_lCCODEBUL1
_mBUL
_p20.00
_r0
_sY
_tBOOK
_u2015-06-25
_xBIBLIOTECA
_zUNKNOWN
_0COMPRA
_o.STAFF. Colección Teología
949 _a220 W32 1968
_wDEWEY
_c1
_iFJ09737
_lCCODEBUJ1
_mBUJ
_p20.00
_r0
_sY
_tBOOK
_u2017-12-21
_xBIBLIOTECA
_zUNKNOWN
_0DONACION
_o.STAFF. Colección General Juliaca
994 _aC0
_bPEPRU
596 _a1 3
999 _a220 W32
_wDEWEY
_c40215
_i17682
_f2021-11-9
_g4
_lCCODEBUL1
_mBUL
_r0
_sY
_tBOOK
_u2015-6-25
_xTEOLOGIA
_zUNKNOWN
_0COMPRA
_o.STAFF. Colección General
_d40215
999 _a220 W32
_wDEWEY
_c2
_i09139
_d2017-10-16
_e2017-10-13
_f2021-11-9
_g5
_lCCODEBUL1
_mBUL
_n2
_p20.00
_r0
_sY
_tBOOK
_u2015-6-25
_xTEOLOGIA
_PP33
_0COMPRA
_o.STAFF. Colección Teología
999 _a220 W32 1968
_wDEWEY
_c1
_iFJ09737
_d2019-3-26
_f2022-2-3
_g4
_lCCODEBUJ1
_mBUJ
_p20.00
_q1
_r1
_sY
_tBOOK
_u2017-12-21
_xBIBLIOTECA
_zUNKNOWN
_0DONACION
_o.STAFF. Colección General Juliaca
980 _81
_gALBERTO SANCHEZ Responsable de Automatización